[Event "47th GER-ch Blitz 2020"]
[Site "Magdeburg"]
[Date "2020.08.15"]
[Round "19.8"]
[White "Svane, Frederik"]
[Black "Langrock, Hannes"]
[Result "1-0"]
[WhiteElo "2421"]
[BlackElo "2346"]
[Annotator "TA"]
[PlyCount "153"]
[EventDate "2020.07.28"]
[EventType "tourn"]
[EventCountry "GER"]
[SourceTitle "playchess.com"]
[Source "ChessBase"]
[SourceQuality "1"]

{[%evp 9,153,28,18,11,10,10,38,0,0,-2,-2,-22,-12,-28,-7,-14,12,0,27,13,7,8,41,14,42,18,16,-18,0,0,16,7,28,18,33,16,29,0,0,0,22,-25,12,0,0,0,31,22,37,37,37,37,48,46,57,47,51,43,43,43,347,356,356,356,356,356,366,363,468,356,349,341,341,341,341,341,340,329,332,334,332,334,334,334,332,319,318,314,332,332,316,284,284,258,262,262,262,255,262,254,276,276,269,269,262,247,240,240,240,240,240,240,240,240,239,221,187,166,239,166,166,0,239,239,239,239,239,239,239,239,239,239,1646,1549,1574,1567,4133,4116,2643,2047,29961,29964,29971,29972,29959,5535]} 1. e4 c5 2. Nf3 e6 3. d4 cxd4 4. Nxd4 Nf6 5. Nc3 Nc6 6. Qd3 {B45: Sicilian Four Knights.} d5 7. exd5 {[#]} Nxd5 $146 ({Predecessor:} 7... Nb4 8. Qd1 Nbxd5 9. Bb5+ Bd7 10. Nxd5 Nxd5 11. O-O Be7 12. c4 Nb6 13. Bf4 O-O {½-½ (58) Varga,C (2367)-Balog,I (2403) Hungary 2008}) 8. Nxc6 {White is slightly better.} (8. Nxd5 {keeps more tension.} Qxd5 9. Nxc6 bxc6 10. Be2 Be7 11. O-O) 8... bxc6 9. a3 Be7 10. Be2 O-O 11. O-O a5 12. Qg3 Nxc3 13. Qxc3 Ba6 14. Bxa6 Rxa6 15. Be3 Qd5 16. Rfd1 Qf5 (16... Bf6 $5 {[%cal Rf6c3]} 17. Rxd5 Bxc3 $11) 17. Qc4 Qb5 18. Qa2 c5 19. a4 Qe2 20. Rd2 Qg4 21. h3 Qe4 22. Rad1 h6 23. c3 Rb8 24. Rd7 Bf8 25. Rd8 Raa8 26. Rxb8 Rxb8 27. b3 Qf5 28. c4 Qe4 29. Qb1 Qxb1 30. Rxb1 $14 {[%mdl 4096] Endgame KRB-KRB} Rd8 31. Kf1 f6 32. Ke2 Kf7 33. Rd1 Rxd1 34. Kxd1 {KB-KB} e5 $2 {[%mdl 8192]} (34... Bd6 $14) 35. Bd2 $18 Ke6 36. Bxa5 Kd7 37. Ke2 f5 38. Bc3 Bd6 39. f3 g6 40. Bd2 h5 41. Kd3 Kc6 42. Kc2 Be7 43. Bc3 Bd6 44. Be1 Kb6 45. Bf2 Ka6 46. Be3 Ka5 47. Kc3 Be7 48. Bd2 Ka6 49. Kd3 Bd6 50. Be3 Be7 51. Kc2 Bd6 52. Bh6 Be7 53. Bg7 Bd6 54. Bf6 Kb6 55. Bd8+ Ka6 56. Kd3 Kb7 57. Kc3 Ka6 58. Kc2 Kb7 59. Kd3 Ka6 60. Kc3 Kb7 61. Bg5 Ka6 62. Bh6 Kb6 63. Be3 Ka6 (63... Kc6 {might work better.} 64. Kd3 Be7) 64. Bf2 Be7 65. Kc2 (65. Bg3 $142) 65... Bd6 $1 66. b4 cxb4 67. Kb3 Ka5 68. c5 Be7 {[#]} 69. c6 $1 {[%cal Rc6c7] White wants to mate with c7.} Bd6 {[#]} 70. Bc5 $1 {[%cal Rc5d6][%mdl 512]} Bc7 $2 (70... Bb8 71. Kc4 (71. Bxb4+ Kb6 $16) 71... Kxa4) (70... Bxc5 71. c7) 71. Kc4 Kxa4 72. Bxb4 e4 73. fxe4 fxe4 74. Bd2 Ka3 75. Kd5 {White mates.} Kb3 76. Kxe4 Kc4 77. Bf4 {Accuracy: White = 89%, Black = 72%.} 1-0

[Event "47th GER-ch Blitz 2020"]
[Site "Magdeburg"]
[Date "2020.08.15"]
[Round "19.9"]
[White "Schneider, Ilja"]
[Black "Holtel, Jasper"]
[Result "1-0"]
[WhiteElo "2479"]
[BlackElo "2305"]
[Annotator "TA"]
[PlyCount "61"]
[EventDate "2020.07.28"]
[EventType "tourn"]
[EventCountry "GER"]
[SourceTitle "playchess.com"]
[Source "ChessBase"]
[SourceQuality "1"]

{[%evp 14,61,8,9,41,50,87,89,77,83,108,82,85,80,90,84,85,75,87,31,124,124,157,154,148,145,154,149,168,144,152,145,270,287,366,358,345,356,363,347,712,703,1310,1276,29988,29989,29989,29990,29990,29991]} 1. d4 Nf6 2. Bg5 d5 3. e3 c5 4. c3 Nc6 5. Nd2 e6 6. Ngf3 Be7 7. Bd3 O-O 8. O-O {8.Ne5 is more advanced technology.} Qc7 {D03: 1 d4 d5 2 Nf3 Nf6 3 Bg5, including Torre Attack with early ...d5.} 9. dxc5 e5 {Black wants to play ...e4.} 10. Bxf6 Bxf6 {[#] White is better.} 11. e4 $146 ({Predecessor:} 11. Bc2 Ne7 12. Nb3 Bg4 13. e4 Rfd8 14. exd5 Nxd5 15. Qe2 Nf4 16. Qe3 g6 17. c4 {0-1 (32) Pham,J (1604)-Wisniewski,M (1553) Gora Sw Anny 2011}) 11... Be6 12. Qc2 {Hoping for exd5.} g6 13. exd5 Bxd5 14. Rfe1 Rad8 15. b4 Bg7 16. Bc4 (16. Be4 $16) 16... h6 {Black is on the road to losing.} (16... Bxc4 $1 $14 17. Nxc4 e4) 17. Rad1 Kh7 18. Bxd5 Rxd5 19. Nc4 Rxd1 20. Rxd1 f5 21. Nd6 e4 {[#]} 22. Nd4 $1 {[%cal Rd4e6] Black must now prevent Ne6.} Bxd4 (22... Qe7 $16 {was worth a try.} 23. Qe2 Rb8) 23. cxd4 $18 Nxb4 24. Qb3 Nc6 25. Qxb7 Qxb7 26. Nxb7 {KRN-KRN} Rb8 $2 {[#]} (26... Rf7) 27. d5 Rxb7 28. dxc6 Rb8 29. c7 {White mates.} Rc8 30. Rd7+ Kg8 31. Rd8+ {[%mdl 64] Double Attack. Accuracy: White = 87%, Black = 27%.} 1-0

[Event "47th GER-ch Blitz 2020"]
[Site "Magdeburg"]
[Date "2020.08.15"]
[Round "19.10"]
[White "Siebarth, Raiko"]
[Black "Voege, Tobias"]
[Result "1/2-1/2"]
[WhiteElo "2333"]
[BlackElo "2326"]
[Annotator "RC"]
[PlyCount "125"]
[EventDate "2020.07.28"]
[EventType "tourn"]
[EventCountry "GER"]
[SourceTitle "playchess.com"]
[Source "ChessBase"]
[SourceQuality "1"]
[TimeControl "180+2"]

1. e4 {[%emt 0:00:00]} c5 {[%emt 0:00:00]} 2. Nf3 {[%emt 0:00:01]} Nc6 {[%emt 0:00:00]} 3. d4 {[%emt 0:00:01]} cxd4 {[%emt 0:00:01]} 4. Nxd4 {[%emt 0:00:00]} g6 {[%emt 0:00:01]} 5. c4 {[%emt 0:00:04]} Bg7 {[%emt 0:00:00]} 6. Be3 {[%emt 0:00:07]} Nf6 {[%emt 0:00:01]} 7. Nc3 {[%emt 0:00:01]} O-O {[%emt 0:00:02]} 8. Be2 {[%emt 0:00:01]} d6 {[%emt 0:00:01]} 9. O-O {[%emt 0:00:02]} Nxd4 {[%emt 0:00:01]} 10. Bxd4 {[%emt 0:00:02]} a5 {[%emt 0:00:01]} 11. a3 {[%emt 0:00:04]} Bd7 {[%emt 0:00:23]} 12. c5 {[%emt 0:00:01]} dxc5 {[%emt 0:00:20]} 13. Bxc5 {[%emt 0:00:01]} Bc6 {[%emt 0:00:06]} 14. f3 {[%emt 0:00:02]} Nd7 {[%emt 0:00:07]} 15. Be3 {[%emt 0:00:04]} e6 {[%emt 0:00:07]} 16. Rc1 {[%emt 0:00:06]} Qe7 {[%emt 0:00:07]} 17. Qe1 {[%emt 0:00:01]} Rfc8 {[%emt 0:00:07]} 18. Qf2 {[%emt 0:00:04]} a4 {[%emt 0:00:24]} 19. Rfd1 {[%emt 0:00:04]} Rd8 {[%emt 0:00:43]} 20. Rd2 {[%emt 0:00:11]} Nf6 {[%emt 0:00:13]} 21. Rcd1 {[%emt 0:00:12]} Rxd2 {[%emt 0:00:02]} 22. Rxd2 {[%emt 0:00:01]} Rd8 {[%emt 0:00:01]} 23. Bd1 {[%emt 0:00:01]} b5 {[%emt 0:00:13]} 24. Bb6 {[%emt 0:00:58]} Rxd2 {[%emt 0:00:06]} 25. Qxd2 {[%emt 0:00:01]} Nd7 {[%emt 0:00:04]} 26. Bd4 {[%emt 0:00:01]} Bxd4+ {[%emt 0:00:16]} 27. Qxd4 {[%emt 0:00:00]} e5 {[%emt 0:00:01]} 28. Qa7 {[%emt 0:00:07]} Qd6 {[%emt 0:00:03]} 29. Qe3 {[%emt 0:00:06]} b4 {[%emt 0:00:08]} 30. axb4 {[%emt 0:00:01]} Qxb4 {[%emt 0:00:01]} 31. Qd2 {[%emt 0:00:03]} a3 {[%emt 0:00:07]} 32. bxa3 Qxa3 {[%emt 0:00:01]} 33. Nd5 {[%emt 0:00:04]} Qc5+ {[%emt 0:00:02]} 34. Ne3 {[%emt 0:00:02]} Nb6 {[%emt 0:00:02]} 35. Bb3 {[%emt 0:00:05]} Kg7 {[%emt 0:00:02]} 36. Kf2 {[%emt 0:00:01]} Nd7 {[%emt 0:00:03]} 37. Kg3 {[%emt 0:00:02]} Nf6 {[%emt 0:00:01]} 38. h3 {[%emt 0:00:09]} Nh5+ {[%emt 0:00:05]} 39. Kh2 {[%emt 0:00:02]} Nf4 {[%emt 0:00:01]} 40. Ng4 {[%emt 0:00:03]} h5 {[%emt 0:00:02]} 41. Nf2 {[%emt 0:00:06]} Qd4 {[%emt 0:00:01]} 42. Qa2 {[%emt 0:00:07]} Be8 {[%emt 0:00:04]} 43. Qc2 {[%emt 0:00:09]} h4 {[%emt 0:00:01]} 44. Ng4 {[%emt 0:00:04]} Nh5 {[%emt 0:00:03]} 45. Qf2 {[%emt 0:00:03]} Qxf2 {[%emt 0:00:03]} 46. Nxf2 {[%emt 0:00:01]} f6 {[%emt 0:00:01]} 47. Kg1 {[%emt 0:00:04]} Bc6 {[%emt 0:00:02]} 48. Nd3 {[%emt 0:00:01]} Kf8 {[%emt 0:00:01]} 49. Kf2 {[%emt 0:00:00]} Ke7 {[%emt 0:00:01]} 50. Ke3 {[%emt 0:00:02]} Bb5 {[%emt 0:00:01]} 51. Bc2 {[%emt 0:00:11]} Kd6 {[%emt 0:00:00]} 52. Ne1 {[%emt 0:00:02]} Nf4 {[%emt 0:00:03]} 53. Bb3 {[%emt 0:00:07]} g5 {[%emt 0:00:02]} 54. Bc2 {[%emt 0:00:09]} Kc5 {[%emt 0:00:01]} 55. Bd3 {[%emt 0:00:02]} Bxd3 56. Nxd3+ Nxd3 {[%emt 0:00:11]} 57. Kxd3 {[%emt 0:00:01]} Kb4 {[%emt 0:00:01]} 58. Kd2 {[%emt 0:00:02]} Kb3 {[%emt 0:00:03]} 59. Kd3 {[%emt 0:00:00]} Kb4 {[%emt 0:00:00]} 60. Kd2 {[%emt 0:00:01]} Kc4 61. Kc2 Kd4 62. Kd2 Kc4 {[%emt 0:00:04]} 63. Kc2 {[%emt 0:00:01]} 1/2-1/2

[Event "47th GER-ch Blitz 2020"]
[Site "Magdeburg"]
[Date "2020.08.15"]
[Round "19.11"]
[White "Hess, Max"]
[Black "Weller, Manuel"]
[Result "1-0"]
[WhiteElo "2378"]
[BlackElo "2237"]
[Annotator "TA"]
[PlyCount "67"]
[EventDate "2020.07.28"]
[EventType "tourn"]
[EventCountry "GER"]
[SourceTitle "playchess.com"]
[Source "ChessBase"]
[SourceQuality "1"]

{[%evp 9,67,20,24,16,28,10,26,-15,-15,-31,39,37,29,39,45,37,56,25,65,52,68,73,74,58,103,101,94,59,50,0,118,-9,-18,-112,-131,-114,-125,-112,-46,-145,0,-137,-125,-122,-98,-239,-208,-201,-216,-216,-201,-208,-203,-202,-224,-207,-137,-131,29992,29993]} 1. e4 c6 2. Nc3 d5 3. Nf3 Nf6 4. e5 Ne4 5. Ne2 Qb6 {[%csl Ge4][%cal Rb6f2]} 6. d4 {B11: Caro-Kann: Two Knights Variation.} e6 7. Ng3 c5 8. Bd3 $1 {White has an edge. 8.Bd3 scores better than 8.c3.} Nxg3 $1 9. fxg3 h6 (9... cxd4 $15 10. O-O Nc6) 10. O-O $14 Nc6 11. dxc5 Bxc5+ 12. Kh1 Bd7 13. a3 a5 14. Qe2 {[#]} Ne7 $146 {[%cal Bc6e7,Be7g6,Bg6e5,Be5g4][%mdl 32]} ({Predecessor:} 14... Rf8 15. Bd2 a4 16. Rab1 Qc7 17. c4 d4 18. Qe4 O-O-O 19. Bc2 Ne7 20. Nxd4 Bxd4 21. Qxd4 {1-0 (30) Nayhebaver,M (2478)-Saada,J (2266) Escaldes 2018}) 15. Bd2 {aiming for b4!} a4 16. Rfb1 O-O 17. g4 Ng6 18. g5 h5 19. Ne1 Qc7 (19... Rac8 $11) 20. Bc3 ({White must play} 20. Qxh5 $16 {Strongly threatening Nf3.} Qb6 21. Bc3) 20... d4 $11 21. Bb4 (21. Bd2 $11 {was the only way to keep the balance.}) 21... Bxb4 $17 22. axb4 Nxe5 23. Qxh5 {[%csl Gd3][%cal Rh5h7]} g6 (23... Nxd3 $17 24. cxd3 Bc6) 24. Qh6 (24. Qe2 $15) 24... Bc6 (24... Ng4 $1 $17 {[%cal Rg4h6]} 25. Qh4 Qf4) 25. Ra3 {[#]} (25. Qh4 $11) 25... Ng4 $1 $36 {[%cal Rg4h6][%mdl 2048] White is under strong pressure.} 26. Qh4 Qf4 {Hoping for ...Nf2+.} 27. Nf3 (27. Qg3 $17 Qxg3 28. hxg3) 27... Bxf3 28. gxf3 Qxf3+ 29. Kg1 {[#]} Qe3+ $1 30. Kg2 Ne5 31. Rf1 Rac8 32. Rf2 Nxd3 33. Rxd3 Qe4+ $2 {[%mdl 8192]} (33... Qe5 $17 34. Rxd4 Rfd8) 34. Qxe4 {White used his chance. Accuracy: White = 53%, Black = 62%.} 1-0

[Event "47th GER-ch Blitz 2020"]
[Site "Magdeburg"]
[Date "2020.08.15"]
[Round "19.12"]
[White "Kopylov, Michael"]
[Black "Bluebaum, Matthias"]
[Result "0-1"]
[WhiteElo "2407"]
[BlackElo "2647"]
[Annotator "TA"]
[PlyCount "59"]
[EventDate "2020.07.28"]
[EventType "tourn"]
[EventCountry "GER"]
[SourceTitle "playchess.com"]
[Source "ChessBase"]
[SourceQuality "1"]

{[%evp 12,59,29,30,17,12,12,14,18,-14,-27,-51,-43,-63,-45,-66,-66,-66,-43,-114,-118,-152,-127,-147,-135,-146,-132,-148,-102,-102,0,0,0,-4,0,0,0,0,136,10,14,4,5,16,0,-172,-168,-870,-870,-870]} 1. d4 d5 2. c4 e6 3. Nf3 Nf6 4. g3 dxc4 5. Bg2 Bb4+ 6. Bd2 a5 7. O-O O-O {E04: Open Catalan: 5 Nf3.} 8. Bg5 h6 {8...Nc6 is not played anymore.} 9. Bxf6 Qxf6 {The position is equal.} 10. Nbd2 b5 {[#]} 11. a4 $146 ({Predecessor:} 11. Ne5 Ra6 12. Ne4 Qe7 13. a3 Bd6 14. a4 Rb6 15. axb5 Bxe5 16. dxe5 Rxb5 17. Qd4 {½-½ (29) Borisovs,L (2138)-Lubas,J (2107) LSS email 2012}) 11... c6 12. Ne5 {Threatens to win with axb5.} Ra6 13. Ne4 Qe7 14. Nc3 Bb7 15. e4 (15. Qc1 $15) 15... Nd7 $17 16. axb5 cxb5 17. Nxb5 Nxe5 18. dxe5 Rb6 19. Nc3 Bc6 20. Qd4 Qc5 (20... Qc7 $17) 21. Qxc5 $11 Bxc5 22. Rxa5 Bd4 23. Rd1 Rd8 24. Nd5 Bxb2 {[#]} (24... Bxf2+ $1 $11 {remains equal.} 25. Kxf2 Rxb2+ 26. Ke3 exd5 27. exd5 Bd7) 25. Ne7+ (25. Nf6+ $1 $16 {[%mdl 512]} gxf6 26. Rxd8+ Kh7 27. h4) 25... Kf8 26. Rxd8+ Kxe7 27. Rd6 {And now Rc5 would win.} Bxe5 28. Rxc6 $2 (28. Rd1 $11 {and White is okay.} Bb2 29. e5) 28... Rxc6 $19 29. Rxe5 $2 (29. Bf3) 29... c3 {White must now prevent ...c2.} 30. Ra5 {Accuracy: White = 47%, Black = 77%.} 0-1

[Event "47th GER-ch Blitz 2020"]
[Site "Magdeburg"]
[Date "2020.08.15"]
[Round "19.13"]
[White "Berger, Steve"]
[Black "Braeuning, Rudolf Wilhelm"]
[Result "1-0"]
[WhiteElo "2408"]
[BlackElo "2244"]
[Annotator "TA"]
[PlyCount "111"]
[EventDate "2020.07.28"]
[EventType "tourn"]
[EventCountry "GER"]
[SourceTitle "playchess.com"]
[Source "ChessBase"]
[SourceQuality "1"]

{[%evp 20,111,41,45,79,74,48,57,111,103,113,60,64,73,112,106,218,202,206,48,100,99,95,60,53,32,183,156,175,80,75,54,132,82,82,100,154,156,164,123,263,259,256,156,232,0,295,297,378,379,357,379,379,246,246,109,234,227,292,303,266,264,266,283,287,262,250,-29997,140,159,358,362,360,370,513,552,447,429,887,870,816,468,610,503,464,322,956,930,29991,1028,854,0,29991,29992]} 1. e4 c5 2. Nc3 Nc6 3. Nge2 g6 4. d4 cxd4 5. Nxd4 Bg7 6. Be3 Nf6 7. Bc4 O-O 8. Bb3 a5 9. O-O a4 10. Nxa4 Nxe4 11. Nb5 {[#] And now Bb6 would win.} d5 {White should prevent ...d4. B35: Sicilian: Accelerated Dragon with 5 Nc3: main line.} 12. Bb6 Qd7 13. Qe2 Nf6 {[#]} (13... Nd6 $14) 14. Rad1 $146 ({Predecessor:} 14. Rfd1 Ra6 15. c4 Qg4 16. Qxg4 Bxg4 17. f3 dxc4 18. Nc7 Rxb6 19. Nxb6 cxb3 20. fxg4 Nxg4 {0-1 (45) Madurga Lopez,I (2052)-Suarez Uriel,A (2245) Madrid 2012}) 14... Qg4 15. Qxg4 (15. f3 $16 Qh4 16. c3) 15... Bxg4 $14 16. f3 Be6 17. Nc7 $36 {[%mdl 2048] White is really pushing.} Rac8 (17... Nd7 $16) 18. Nxe6 $18 ({Worse is} 18. Bxd5 Nxd5 19. Nxd5 Bxd5 $11) 18... fxe6 19. c4 $2 (19. Nc5 $18) 19... Kh8 ({Black should play} 19... dxc4 $14 20. Bxc4 Nd5) 20. Rfe1 Nd7 21. Rxe6 (21. Bf2 {seems wilder.} d4 22. Rxe6 Ra8 23. a3 Be5 24. c5) 21... d4 22. a3 Nxb6 $2 (22... Be5 $14) 23. Nxb6 Rcd8 {[#]} 24. Nd5 (24. Ba4 $1 $18) 24... d3 $16 25. Rxd3 Ne5 (25... Bxb2 $14 26. a4 Ba3) 26. Re3 Nc6 27. Kf1 Rd6 (27... Bxb2 $142 28. Ba4 (28. Nxe7 Na5 $16) 28... Na5) 28. Rxd6 exd6 29. Ba4 Be5 (29... Bxb2 $16 30. Rb3 {[%mdl 64] Double Attack} Bc1) 30. b4 $18 Nd4 31. Nb6 Rd8 (31... Nf5 $16 {is a better defense.} 32. Re1 Bxh2) 32. Nd5 $2 ({Better is} 32. g3 $18) 32... Rc8 $2 {[%mdl 8192]} (32... Rf8 $1 $11) 33. f4 Bg7 34. Re7 h5 35. Rxb7 Rxc4 36. Rb8+ Kh7 37. Be8 (37. Bd1 $18 {and White stays clearly on top.}) 37... Nf5 (37... Rc1+ $16 38. Kf2 Rc2+ 39. Kg3 Ne2+ 40. Kf3 Nd4+ 41. Kg3 Ne2+ 42. Kf3 Nd4+ 43. Kg3) 38. Rb7 Rc2 39. a4 {[%cal Ba3a4,Ba4a5,Ba5a6][%mdl 32]} Kh6 40. a5 Bd4 41. a6 Rf2+ 42. Ke1 Rxg2 43. Ne7 $4 {[%mdl 8192]} (43. h3 $18) 43... Nxe7 $2 (43... Bc3+ {mates} 44. Kd1 Ne3+ 45. Kc1 Rg1#) 44. Rxe7 $16 {[%mdl 4096] Endgame KRB-KRB} Ra2 $2 (44... Rxh2 $16 {was worth a try.} 45. b5 Rh3) 45. b5 $18 Bc5 46. Re6 h4 47. Rxg6+ Kh7 48. f5 d5 (48... Rxh2 $142 49. f6 Rf2) 49. Rc6 Be3 50. Bf7 Ra5 51. Rc7 Kh6 52. Rb7 d4 $2 (52... Kg5 53. Bxd5 Kxf5) 53. Ke2 Ra2+ 54. Kd3 (54. Bxa2 $142 Bg1 55. a7 d3+ 56. Kxd3 Bxa7 57. Rxa7 Kg5 58. Ke4 h3 59. Rf7) 54... Ra3+ 55. Ke2 (55. Ke4 $18) 55... Ra2+ $1 56. Bxa2 {Never resign too early! Accuracy: White = 48%, Black = 30%.} 1-0

[Event "47th GER-ch Blitz 2020"]
[Site "Magdeburg"]
[Date "2020.08.15"]
[Round "19.14"]
[White "Schoewel, Matthias"]
[Black "Muranyi, Karl-Jasmin"]
[Result "1-0"]
[WhiteElo "2218"]
[BlackElo "2331"]
[Annotator "TA"]
[PlyCount "85"]
[EventDate "2020.07.28"]
[EventType "tourn"]
[EventCountry "GER"]
[SourceTitle "playchess.com"]
[Source "ChessBase"]
[SourceQuality "1"]

{[%evp 13,85,44,59,29,29,31,106,76,147,118,134,127,132,112,143,87,95,91,127,123,140,126,129,132,196,144,143,103,135,133,150,152,216,195,202,154,154,158,222,210,278,245,339,296,301,298,412,200,189,114,156,82,103,118,95,95,257,258,405,162,277,258,369,331,308,322,410,382,1228,1228,1158,1139,1688,1597]} 1. e4 c6 2. d4 d5 3. Nc3 g6 4. Nf3 Bg7 5. Be2 Bg4 6. Be3 Nf6 7. e5 Nfd7 8. h3 {B15: Caro-Kann: 3 Nc3: 3...g6 and 3...dxe4 4 Nxe4 Nf6 5 Nxf6+ exf6.} Bxf3 $1 9. Bxf3 {[#]} Nf8 $146 (9... e6 $14) ({Predecessor:} 9... e6 10. Be2 a6 11. O-O c5 12. f4 Nc6 13. dxc5 Bf8 14. Na4 Qa5 15. c4 Nxc5 16. cxd5 exd5 17. Nc3 d4 18. Nd5 O-O-O 19. Bd2 d3 20. Bg4+ {1-0 (20) Repkova,E (2434)-Khotenashvili,B (2461) Bucharest 2010}) 10. Qd2 {White is better.} h6 (10... f6 $142) 11. O-O Nbd7 12. Ne2 Ne6 13. c3 Qb6 14. Nf4 ({White should play} 14. Bg4) 14... Nxf4 $16 15. Bxf4 Nf8 16. a4 a5 17. Rfb1 Ne6 {[#]} 18. Be3 $1 h5 {[#]} (18... Qc7 $16 19. Bg4 h5) 19. b4 (19. c4 $1 $18 {[%mdl 512]}) 19... Qc7 20. Rb2 O-O 21. Rab1 Rfb8 22. b5 {[%cal Bb4b5,Bb5b6][%mdl 32]} Bf8 (22... Nd8 $16 23. Qc2 Rc8 24. bxc6 Qxc6) 23. Be2 Ng7 24. Bd3 e6 25. Bg5 c5 (25... cxb5 $16 26. Rxb5 (26. Bxb5 Be7 $16) 26... Ra7) 26. b6 $18 Qc8 27. Bb5 cxd4 28. cxd4 Bb4 29. Qf4 Qf8 30. g4 (30. Rc2 $142) 30... Rc8 31. Bh6 (31. Bf6 $18) 31... Qe7 32. Bxg7 ({White should try} 32. Rb3) 32... Kxg7 $16 33. gxh5 g5 34. Qg4 Kh6 $2 {This move loses the game for Black.} (34... Kh8 $16 {was called for.}) 35. Kh2 {aiming for f4.} Rc3 (35... Rf8 {was worth a try.} 36. Re2 f5 37. exf6 {[%mdl 64] Discovered Attack} Rxf6) 36. Rg1 (36. f4 $142) 36... Rg8 (36... Ba3 $142 37. Rbb1 f5 38. exf6 Qxf6) 37. h4 {f4 is the strong threat.} f6 (37... Ba3 {keeps fighting.} 38. Rbb1 f5 39. hxg5+ Qxg5 40. Qxg5+ Rxg5) 38. exf6 Qxf6 39. Re2 Bd6+ 40. Kh1 Qf3+ $2 (40... Kh7 41. Rxe6 (41. hxg5 $2 Rxg5 42. Qxg5 Rh3+ 43. Kg2 Qxg5+ $19) 41... Qf4 42. Qxf4 Bxf4 43. hxg5 Rh3+ 44. Kg2 Rh2+ 45. Kf1 Bxg5) 41. Qxf3 $18 {White is clearly winning.} Rxf3 42. Rxe6+ {[%mdl 64] Double Attack} Kxh5 43. Be2 {Accuracy: White = 57%, Black = 28%.} 1-0

[Event "47th GER-ch Blitz 2020"]
[Site "Magdeburg"]
[Date "2020.08.15"]
[Round "19.15"]
[White "Stein, Robert"]
[Black "Krause, Benedict"]
[Result "1/2-1/2"]
[WhiteElo "2325"]
[BlackElo "2425"]
[Annotator "TA"]
[PlyCount "48"]
[EventDate "2020.07.28"]
[EventType "tourn"]
[EventCountry "GER"]
[SourceTitle "playchess.com"]
[Source "ChessBase"]
[SourceQuality "1"]

{[%evp 9,48,8,6,19,19,17,28,17,21,22,27,14,14,14,8,12,31,12,31,31,31,12,5,18,11,11,9,8,14,-16,-16,-16,-16,-18,-16,-16,-16,-21,0,0,8]} 1. d4 Nf6 2. c4 g6 3. g3 c6 4. Bg2 d5 5. Qa4 Bg7 6. cxd5 {D71: Fianchetto Grünfeld: 3 g3 d5 sidelines and 5 cxd5 (without Nf3).} O-O 7. dxc6 Nxc6 8. Nf3 {White has an edge.} Nd5 9. Nc3 Nb6 {[#]} 10. Qc2 $146 ({Predecessor:} 10. Qd1 Nxd4 11. Nxd4 Qxd4 12. O-O Be6 13. Qxd4 Bxd4 14. Nb5 Be5 15. Bxb7 Rab8 16. Bf3 {½-½ (70) Eljanov,P (2661)-Safarli,E (2624) Brest 2019}) 10... Nxd4 11. Nxd4 Qxd4 12. O-O Qc4 13. Bg5 Re8 (13... Qc5 $5 {[%cal Rc5g5]} 14. Be3 Qa5 $11) 14. Rac1 Bf5 15. e4 Be6 {The position is equal.} 16. b3 Qb4 17. Nd5 Nxd5 18. exd5 Bf5 19. Qc5 (19. Qe2 {keeps more tension.} Bc3 20. a3 Qd4 21. Rfd1 Qe5 22. Qf3) 19... Qxc5 20. Rxc5 Be5 21. Rfc1 Bd6 22. R5c4 Rac8 23. Be3 a6 24. Bf3 Rcd8 {Accuracy: White = 93%, Black = 100%.} 1/2-1/2

[Event "47th GER-ch Blitz 2020"]
[Site "Magdeburg"]
[Date "2020.08.15"]
[Round "20.1"]
[White "Donchenko, Alexander"]
[Black "Krause, Benedict"]
[Result "0-1"]
[WhiteElo "2646"]
[BlackElo "2425"]
[Annotator "TA"]
[PlyCount "57"]
[EventDate "2020.07.28"]
[EventType "tourn"]
[EventCountry "GER"]
[SourceTitle "playchess.com"]
[Source "ChessBase"]
[SourceQuality "1"]

{[%evp 20,57,-15,-5,4,0,0,0,0,0,0,0,15,18,18,12,6,7,12,9,8,8,14,0,0,-18,0,0,0,0,14,0,0,0,0,0,454,0,0,-891]} 1. Nf3 Nf6 2. g3 g6 3. Bg2 Bg7 4. d4 d5 5. c4 c6 6. O-O O-O 7. cxd5 cxd5 8. Nc3 Ne4 9. Bf4 Nc6 10. Ne5 Nxc3 11. bxc3 Nxe5 {D79: Fianchetto Grünfeld: Symmetrical Variation (6 0-0 c6 7 cxd5 cxd5).} 12. Bxe5 Bxe5 13. dxe5 Be6 14. Qb3 {[#]} Qc7 $146 ({Predecessor:} 14... b6 15. Rad1 Qc7 16. Bxd5 Bxd5 17. Rxd5 e6 18. Rd6 Rac8 19. a4 Qxc3 20. Qxc3 Rxc3 {½-½ (26) Ruiz Jarabo,F (2245)-Monakov,A ICCF email 2013}) 15. Bxd5 Qxe5 16. Bxe6 Qxe6 17. Qxb7 Qxe2 18. Rfe1 Qc4 19. Rxe7 Qxc3 20. Rd1 Qf6 21. Rdd7 {Black must now prevent Rxf7!} Rab8 22. Qc7 Rbc8 23. Qd6 Qa1+ 24. Kg2 $1 Rc1 25. Qd2 Rg1+ 26. Kh3 Qf6 {( -> ...Qf5+)} 27. Qf4 Qc6 $2 {[%mdl 8192] [#]} (27... Qxf4 $11 {and Black has nothing to worry.} 28. gxf4 a6) 28. Qe4 $2 (28. Rd8 $1 $18 {[%cal Rd8f8][%mdl 512] Rxf8+ would kill now.} f5 (28... Rxd8 29. Qxf7+) 29. Rxf8+ Kxf8 30. Rxa7 Qg2+ 31. Kh4) 28... Qc5 {Hoping for ...Qh5+.} (28... Qb5 $5 29. Qf3 $8 Qg5 $11) 29. Qh4 $2 {[%mdl 8192] Accuracy: White = 85%, Black = 93%.} (29. Rd2 $11) 0-1